| 000 | 00759nam a2200205 a 4500 | ||
|---|---|---|---|
| 001 | 83271 | ||
| 003 | BD-RjUL | ||
| 005 | 20240308161901.0 | ||
| 008 | 240308s2022 b ||||| |||| 00| 0 eng d | ||
| 035 | _a83271 | ||
| 082 |
_223 _a892.73358 _bMUT 2022 |
||
| 100 |
_a.Muhibbullah, H.M _912145 |
||
| 245 |
_aطه حسين ورواياته التاريخية =Taha Hussein and his historical novels / _cH.M.Muhibbullah _6S.M.Abdus Salam |
||
| 260 |
_aRajshahi : _bDepartment of Arabic Rajshahi University, _c2022 |
||
| 300 |
_av, 322 p.; _c28 cm |
||
| 502 | _aThesis (Ph. D.) -- Department of Arabic University of Rajshahi 2022 | ||
| 504 | _aIncludes Bibliographies at the end of the thesis | ||
| 700 |
_a Supervisor .Abdus Salam, S.M _912146 |
||
| 942 |
_2ddc _cTHE |
||
| 999 |
_c83271 _d83271 |
||